Ancient egypt: A very short introduction (Record no. 395261)

MARC details
000 -LEADER
fixed length control field 00534 a2200205 4500
005 - DATE & TIME
control field 20260210104721.0
008 - FIXED-LENGTH DATA ELEMENTS--GENERAL INFORMATION
fixed length control field 260209b |||||||| |||| 00| 0 eng d
020 ## - ISBN
International Standard Book Number 9780198845461
Price Rs. 350.00
040 ## - CATALOGING SOURCE
Original cataloging agency VIVEKANANDA LIBRARY
082 ## - DDC NUMBER
Classification number 932
Book Number S26A(2)
100 ## - MAIN ENTRY--PERSONAL NAME
Personal name Shaw, Lan
245 ## - TITLE STATEMENT
Title Ancient egypt: A very short introduction
250 ## - EDITION STATEMENT
Edition statement 2nd
260 ## - PUBLICATION, DISTRIBUTION, ETC. (IMPRINT)
Name of publisher, distributor, etc Oxford University Press
Date of publication, distribution, etc 2021
Place of publication, distribution, etc New York
300 ## - PHYSICAL DESCRIPTION
Pages xxvii, 183
650 ## - Subject
Subject History
650 ## - Subject
Subject Ancient Egypt
650 ## - Subject
Subject History Ancient World
942 ## - ADDED ENTRY ELEMENTS (KOHA)
Koha item type Books
Holdings
Withdrawn status Lost status Source of classification or shelving scheme Damaged status Not for loan Location (home branch) Sublocation or collection (holding branch) Shelving location Date acquired Koha issues (times borrowed) Koha full call number Accession No. Koha date last seen Koha item type
    Dewey Decimal Classification     VIVEKANANDA LIBRARY VIVEKANANDA LIBRARY Vivekananda Library 22/01/2026   932 S26A(2) 444474 22/01/2026 Books
© Designed and Maintained by Vivekananda Library, MDU Rohtak